Νόμισμα Ελληνικόν : η συλλογή της Alpha Bank
Αποθηκεύτηκε σε:
| Συγγραφή απο Οργανισμό/Αρχή: | |
|---|---|
| Άλλοι συγγραφείς: | |
| Μορφή: | Βιβλίο |
| Γλώσσα: | Greek |
| Δημοσίευση: |
Αθήνα :
Alpha Bank,
2007.
|
| Θέματα: | |
| Ετικέτες: |
Προσθήκη ετικέτας
Δεν υπάρχουν, Καταχωρήστε ετικέτα πρώτοι!
|
MARC
| LEADER | 00000cam a2200000 i 4500 | ||
|---|---|---|---|
| 001 | 1/58427 | ||
| 008 | 141022s2007 gr | ||| |||| ||gre|| | ||
| 020 | |a 9789608882379 | ||
| 035 | |l 10119521 | ||
| 040 | |a GR-MyUa |b gre |e AACR2 | ||
| 041 | 0 | |a gre | |
| 082 | 7 | |a 737.4938 |2 (23) | |
| 245 | 0 | 0 | |a Νόμισμα Ελληνικόν : |b η συλλογή της Alpha Bank / |c γενική και επιστημονική επιμέλεια, κείμενα Δήμητρα Τσαγκάρη. |
| 260 | |a Αθήνα : |b Alpha Bank, |c 2007. | ||
| 300 | |a 311 σ. : |b εικ., φωτ. ; |c 30 εκ. | ||
| 500 | |a Το βιβλίο "Νόμισμα Ελληνικόν" εκδόθηκε με την ευκαιρία της εκθέσεως αρχαίων νομισμάτων της συλλογής της Alpha Bank στο Μουσείο Μπενάκη | ||
| 650 | 0 | |a Coins, Greek |z Greece |x Exhibitions. | |
| 650 | 0 | |a Coins, Ancient |z Greece |x Exhibitions. | |
| 700 | 1 | |a Τσαγκάρη, Δήμητρα, |e edtf | |
| 710 | 2 | |a Alpha Bank. | |
| 852 | |a INST |b RHODES |e 20141022 |h 737.4938 ΝΟΜ |p 005400037139 |q 005400037139 |t BK |y 0 | ||
| 852 | |a INST |b SYROS |e 20220928 |h 737.4938 ΝΟΜ |p 005500015650 |q 005500015650 |t BK |y 0 | ||
| 901 | |a BIBL4-2014-3 | ||
| 970 | |z 2014/10/22 | ||